000 00579nam a22002297a 4500
003 UA-OsUOA
001 97775
007 ta
008 20130404b un ||||| |||| 00| 0 ukr d
100 _aПласковітис С.
090 _a821.14
_bП37
942 _cBK
040 _aUA-OsUOA
_bukr
_cUA-OsUOA
_dUA-OsUOA
245 _aГребля
_bгребля
300 _a157 с.
955 _a3
041 _aukr
080 _a821.14
260 _aК.
_bДніпро
_c1986
650 7 _a82 Література. Літературознавство
_2UDC
999 _c384034
_d384034